[Event "Araraquara op"]
[Site "Araraquara"]
[Date "2023.02.21"]
[Round "5.14"]
[White "Lelis, Lucas Porto"]
[Black "Pimentel, Rafael Favarin G"]
[Result "1/2-1/2"]
[WhiteElo "1800"]
[BlackElo "1931"]
[PlyCount "115"]
[EventDate "2023.02.19"]
[EventType "swiss"]
[EventRounds "6"]
[EventCountry "BRA"]
[SourceTitle "CBM 213 Extra"]
[Source "ChessBase"]
[SourceDate "2023.05.31"]
[SourceVersion "1"]
[SourceVersionDate "2023.05.31"]
[SourceQuality "1"]

1. e4 c5 2. Be2 Nc6 3. d3 g6 4. f4 Bg7 5. Nf3 d6 6. 0-0 e6 7. c3 Nge7 8. Be3 0-0 9. d4 cxd4 10. cxd4 d5 11. e5 Nf5 12. Bf2 f6 13. g4 Nfe7 14. exf6 Bxf6 15. Qd2 Qd6 16. Nc3 Bg7 17. Bg3 Qb4 18. Rad1 a6 19. Ne5 Nxe5 20. dxe5 Bd7 21. a3 Qc5+ 22. Bf2 Qc7 23. Rc1 Bc6 24. Na4 Bh6 25. Bb6 Qxe5 26. g5 Bxg5 27. Be3 d4 28. fxe5 Bxe3+ 29. Qxe3 dxe3 30. Nb6 Rad8 31. Nc4 Nf5 32. Rc3 Rd4 33. Nxe3 Nxe3 34. Rxf8+ Kxf8 35. Rxe3 Rd2 36. b4 Ke7 37. Bf3 Bxf3 38. Rxf3 Re2 39. Rh3 h5 40. Rg3 Rxe5 41. Rxg6 Kf7 42. Rg3 a5 43. Rb3 a4 44. Rc3 b5 45. Kf2 Ke7 46. Kf3 Kd6 47. Kf4 Rd5 48. Ke4 Re5+ 49. Kf4 Rd5 50. Ke4 Rg5 51. Rd3+ Kc6 52. Rc3+ Kd6 53. Rd3+ Kc6 54. Rc3+ Kd6 55. Rd3+ Rd5 56. Rc3 Re5+ 57. Kf4 Rd5 58. Ke4 1/2-1/2

[Event "Araraquara op"]
[Site "Araraquara"]
[Date "2023.02.21"]
[Round "6.10"]
[White "Pimentel, Rafael Favarin G"]
[Black "Brandao, Renan Alves"]
[Result "0-1"]
[WhiteElo "1931"]
[BlackElo "2089"]
[PlyCount "68"]
[EventDate "2023.02.19"]
[EventType "swiss"]
[EventRounds "6"]
[EventCountry "BRA"]
[SourceTitle "CBM 213 Extra"]
[Source "ChessBase"]
[SourceDate "2023.05.31"]
[SourceVersion "1"]
[SourceVersionDate "2023.05.31"]
[SourceQuality "1"]

1. Nf3 Nf6 2. b3 g6 3. Bb2 Bg7 4. e3 0-0 5. Be2 b6 6. d4 Bb7 7. Nbd2 d5 8. 0-0 Nbd7 9. c4 c5 10. Rc1 Rc8 11. Re1 Rc7 12. Ne5 Qa8 13. Bf3 Nxe5 14. dxe5 Nd7 15. Bxd5 Bxd5 16. cxd5 Qxd5 17. Nc4 Qxd1 18. Rcxd1 b5 19. e6 fxe6 20. Bxg7 Kxg7 21. Nd2 Nf6 22. Rc1 Rd8 23. Rc2 a6 24. Rec1 Rcd7 25. Nf3 Ne4 26. Kf1 Rd5 27. Ke2 g5 28. g4 Rf8 29. a4 e5 30. axb5 axb5 31. Ra2 h6 32. Ra7 Rf7 33. Rb7 b4 34. Rc4 Nc3+ 0-1

[Event "Araraquara op"]
[Site "Araraquara"]
[Date "2023.02.20"]
[Round "3.17"]
[White "Nobre, Jailson Altair Barb"]
[Black "Pimentel, Rafael Favarin G"]
[Result "0-1"]
[WhiteElo "1644"]
[BlackElo "1931"]
[PlyCount "138"]
[EventDate "2023.02.19"]
[EventType "swiss"]
[EventRounds "6"]
[EventCountry "BRA"]
[SourceTitle "CBM 213 Extra"]
[Source "ChessBase"]
[SourceDate "2023.05.31"]
[SourceVersion "1"]
[SourceVersionDate "2023.05.31"]
[SourceQuality "1"]

1. Nf3 c5 2. c4 Nc6 3. g3 g6 4. Bg2 Bg7 5. Nc3 d6 6. 0-0 e5 7. d3 Nge7 8. a3 0-0 9. Rb1 a5 10. b3 h6 11. e4 Rb8 12. Bd2 Bg4 13. Nb5 Qd7 14. Qc2 Kh7 15. b4 axb4 16. axb4 b6 17. Rfe1 Ra8 18. Qb3 Bxf3 19. Bxf3 Nd4 20. Nxd4 cxd4 21. Ra1 b5 22. Rxa8 Rxa8 23. c5 dxc5 24. bxc5 Kg8 25. Rb1 Rb8 26. Bg2 Qc6 27. Rc1 g5 28. f4 gxf4 29. gxf4 Qg6 30. f5 Qh5 31. Ba5 Qe2 32. Rf1 Nc6 33. Bb6 Ra8 34. Qd1 Qe3+ 35. Kh1 Ra2 36. Qg4 Qg5 37. Qxg5 hxg5 38. f6 b4 39. fxg7 b3 40. Rb1 b2 41. Bf1 Kxg7 42. Kg2 Kf6 43. Kg3 Nb4 44. Bd8+ Ke6 45. Bh3+ f5 46. Bxf5+ Kf7 47. c6 Nxc6 48. Bb6 Nb4 49. Bc7 Nxd3 50. Kg4 Ra1 51. Rxb2 Rg1+ 52. Kf3 Nxb2 53. Bxe5 d3 54. Bc3 Nc4 55. e5 Rf1+ 56. Ke4 d2 57. e6+ Ke8 58. Bg6+ Ke7 59. Bb4+ Kxe6 60. Bxd2 Nxd2+ 61. Kd3 Kf6 62. Bh5 Nb3 63. Bg4 Nc5+ 64. Ke2 Rf4 65. h3 Ke5 66. Ke3 Re4+ 67. Kf3 Ra4 68. Bc8 Rf4+ 69. Ke3 Ne6 0-1

[Event "Araraquara op"]
[Site "Araraquara"]
[Date "2023.02.19"]
[Round "1.24"]
[White "Marcal, David Hakak"]
[Black "Pimentel, Rafael Favarin G"]
[Result "1-0"]
[WhiteElo "1285"]
[BlackElo "1931"]
[PlyCount "48"]
[EventDate "2023.02.19"]
[EventType "swiss"]
[EventRounds "6"]
[EventCountry "BRA"]
[SourceTitle "CBM 213 Extra"]
[Source "ChessBase"]
[SourceDate "2023.05.31"]
[SourceVersion "1"]
[SourceVersionDate "2023.05.31"]
[SourceQuality "1"]

1. d4 Nf6 2. c4 g6 3. Nc3 d5 4. cxd5 Nxd5 5. e4 Nxc3 6. bxc3 Bg7 7. Nf3 0-0 8. Be2 c5 9. 0-0 Bg4 10. Rb1 Nc6 11. Be3 Bxf3 12. Bxf3 cxd4 13. cxd4 Nxd4 14. Rxb7 e5 15. Qa4 a5 16. Rfb1 Qh4 17. Bxd4 exd4 18. g3 Qf6 19. Be2 Qe5 20. Qc6 Rfe8 21. Bc4 Kh8 22. Rxf7 Rab8 23. Rxb8 Rxb8 24. Qc7 h5 1-0

[Event "Leitao Academia Online op"]
[Site "Chess.com INT"]
[Date "2020.05.06"]
[Round "4"]
[White "Pimentel, Rafael Favarin G"]
[Black "Fier, Luciano dos Santos"]
[Result "1-0"]
[WhiteElo "1876"]
[BlackElo "1648"]
[PlyCount "27"]
[EventDate "2020.04.11"]
[EventType "swiss (rapid)"]
[EventRounds "6"]
[EventCountry "BRA"]
[SourceTitle "EXT 2021"]
[Source "ChessBase"]
[SourceDate "2020.10.23"]
[SourceVersion "1"]
[SourceVersionDate "2020.10.23"]
[SourceQuality "1"]

1. d4 d5 2. c4 dxc4 3. Nc3 c6 4. a4 Nf6 5. e4 e6 6. Bxc4 Bb4 7. Qd3 Qa5 8. Bd2 Nbd7 9. Nf3 0-0 10. 0-0 c5 11. Nb5 cxd4 12. Bxb4 Qxb4 13. Qxd4 e5 14. Bxf7+ 1-0

[Event "Rio de Janeiro Duchamp op 2nd"]
[Site "Rio de Janeiro"]
[Date "2018.11.14"]
[Round "2"]
[White "Viana, Dirceu"]
[Black "Pimentel, Rafael Favarin G"]
[Result "1-0"]
[WhiteElo "2201"]
[BlackElo "1886"]
[PlyCount "89"]
[EventDate "2018.11.14"]
[EventType "swiss"]
[EventRounds "9"]
[EventCountry "BRA"]
[SourceTitle "CBM 187 Extra"]
[Source "ChessBase"]
[SourceDate "2018.11.04"]
[SourceVersion "1"]
[SourceVersionDate "2018.11.04"]
[SourceQuality "1"]

1. c4 Nf6 2. Nc3 d5 3. cxd5 Nxd5 4. g3 e5 5. Bg2 Nb6 6. Nf3 Nc6 7. 0-0 Be7 8. d3 0-0 9. Be3 Be6 10. Rc1 Nd5 11. Nxd5 Bxd5 12. Qa4 a5 13. a3 Re8 14. Rfe1 Bf6 15. Nd2 Bxg2 16. Kxg2 Ne7 17. Ne4 Nd5 18. Qb5 b6 19. Nxf6+ Nxf6 20. Bg5 c5 21. b4 cxb4 22. axb4 Qd5+ 23. Qxd5 Nxd5 24. b5 Rec8 25. Bd2 Kf8 26. e4 Ne7 27. f4 Ng6 28. Be3 Rab8 29. Rxc8+ Rxc8 30. Bxb6 exf4 31. Bxa5 fxg3 32. Kxg3 Ne5 33. d4 Nd7 34. Rb1 Rb8 35. Bc7 Rb7 36. b6 Ke7 37. Kf4 Nf6 38. Be5 Nd7 39. Bxg7 Nxb6 40. Kg5 Kd6 41. Be5+ Kc6 42. d5+ Kc5 43. Bg3 f5 44. Bf2+ Kc4 45. Rxb6 1-0

[Event "Florianopolis op 3rd"]
[Site "Florianopolis"]
[Date "2017.01.23"]
[Round "6"]
[White "Pimentel, Rafael Favarin G"]
[Black "Eger, Laura Luisa"]
[Result "1/2-1/2"]
[WhiteElo "1924"]
[BlackElo "1623"]
[PlyCount "81"]
[EventDate "2017.01.20"]
[EventType "swiss"]
[EventRounds "10"]
[EventCountry "BRA"]
[SourceTitle "CBM 176 Extra"]
[Source "ChessBase"]
[SourceDate "2017.03.02"]
[SourceVersion "1"]
[SourceVersionDate "2017.03.02"]
[SourceQuality "1"]

1. d4 d5 2. c4 e6 3. Nc3 Nf6 4. Nf3 Be7 5. e3 0-0 6. Qc2 c6 7. Bd2 Nbd7 8. Bd3 dxc4 9. Bxc4 b5 10. Bd3 Bb7 11. 0-0 Rc8 12. Rac1 a6 13. Qb1 c5 14. Ne4 c4 15. Nxf6+ Nxf6 16. Be2 Be4 17. Qa1 Qd6 18. Ne5 Nd7 19. Nxd7 Qxd7 20. f3 Bb7 21. b4 Rfd8 22. Bc3 Qd5 23. Qb2 Qg5 24. Bd2 Qh4 25. f4 Qf6 26. Bf3 Bxf3 27. Rxf3 Qf5 28. a3 Rd7 29. Bc3 f6 30. Re1 Qe4 31. Qb1 Qxb1 32. Rxb1 Kf7 33. e4 h6 34. g4 Rg8 35. Kf2 g6 36. Rg1 Bd8 37. e5 fxe5 38. fxe5+ Kg7 39. Ke2 Rf8 40. Rgf1 Rdf7 41. Bd2 1/2-1/2

[Event "Florianopolis op 3rd"]
[Site "Florianopolis"]
[Date "2017.01.22"]
[Round "4"]
[White "Pimentel, Rafael Favarin G"]
[Black "De Souza, Maria Luiza Ferreir"]
[Result "0-1"]
[WhiteElo "1924"]
[BlackElo "1612"]
[PlyCount "76"]
[EventDate "2017.01.20"]
[EventType "swiss"]
[EventRounds "10"]
[EventCountry "BRA"]
[SourceTitle "CBM 176 Extra"]
[Source "ChessBase"]
[SourceDate "2017.03.02"]
[SourceVersion "1"]
[SourceVersionDate "2017.03.02"]
[SourceQuality "1"]

1. d4 d5 2. c4 e6 3. Nc3 Nf6 4. Nf3 c6 5. e3 Nbd7 6. Qc2 Be7 7. Bd3 dxc4 8. Bxc4 b5 9. Bd3 Bb7 10. 0-0 0-0 11. Ng5 h6 12. Nge4 Nxe4 13. Nxe4 e5 14. Nc5 exd4 15. exd4 Nxc5 16. dxc5 Qd5 17. Be3 Rad8 18. Be4 Qe5 19. f4 Qc7 20. Rf3 Bc8 21. f5 Bf6 22. Bf4 Qb7 23. Raf1 Rfe8 24. Rg3 Rd4 25. Bxh6 Rexe4 26. Bxg7 Bxg7 27. f6 Rg4 28. Rxg4 Rxg4 29. fxg7 Rxg7 30. Rd1 Qe7 31. Qc3 Rxg2+ 32. Kxg2 Qe2+ 33. Kg1 Qxd1+ 34. Kf2 Be6 35. Qg3+ Qg4 36. Qb8+ Kh7 37. Qxa7 Qf4+ 38. Ke1 Qe3+ 0-1

[Event "Florianopolis op 3rd"]
[Site "Florianopolis"]
[Date "2017.01.21"]
[Round "2"]
[White "Pimentel, Rafael Favarin G"]
[Black "Friedrich, Carlos Ernesto Gall"]
[Result "1/2-1/2"]
[WhiteElo "1924"]
[BlackElo "1661"]
[PlyCount "68"]
[EventDate "2017.01.20"]
[EventType "swiss"]
[EventRounds "10"]
[EventCountry "BRA"]
[SourceTitle "CBM 176 Extra"]
[Source "ChessBase"]
[SourceDate "2017.03.02"]
[SourceVersion "1"]
[SourceVersionDate "2017.03.02"]
[SourceQuality "1"]

1. d4 Nf6 2. c4 d6 3. Nc3 g6 4. e4 Bg7 5. Be2 0-0 6. Nf3 c5 7. d5 Nbd7 8. 0-0 Ng4 9. Ne1 Nh6 10. Be3 f5 11. Qd2 Ng4 12. Bg5 Ngf6 13. exf5 gxf5 14. f4 Ne4 15. Nxe4 fxe4 16. Qc2 Nf6 17. f5 Qe8 18. Rb1 a5 19. g4 Bd7 20. Ng2 e6 21. fxe6 Bxe6 22. dxe6 Qxe6 23. Bxf6 Bxf6 24. Nf4 Bd4+ 25. Kg2 Qe5 26. Nd5 Rxf1 27. Rxf1 Rf8 28. Rf5 Rxf5 29. gxf5 Qg7+ 30. Kh3 Qh6+ 31. Kg4 Qg7+ 32. Kf4 Qe5+ 33. Kg4 Qg7+ 34. Kf4 Qe5+ 1/2-1/2

[Event "Florianopolis op 3rd"]
[Site "Florianopolis"]
[Date "2017.01.21"]
[Round "3"]
[White "Serafim, Paulo Rogerio"]
[Black "Pimentel, Rafael Favarin G"]
[Result "0-1"]
[WhiteElo "1566"]
[BlackElo "1924"]
[PlyCount "68"]
[EventDate "2017.01.20"]
[EventType "swiss"]
[EventRounds "10"]
[EventCountry "BRA"]
[SourceTitle "EXT 2018"]
[Source "ChessBase"]
[SourceDate "2017.10.13"]
[SourceVersion "1"]
[SourceVersionDate "2017.10.13"]
[SourceQuality "1"]

1. e4 c5 2. Nf3 Nc6 3. b4 cxb4 4. d4 d5 5. exd5 Qxd5 6. c4 Qh5 7. Be2 Bg4 8. Bb2 e6 9. h3 Nf6 10. Nbd2 Be7 11. Nf1 Bxf3 12. Bxf3 Qa5 13. Nd2 0-0 14. 0-0 Rfd8 15. Nb3 Qc7 16. Re1 a5 17. d5 a4 18. Nd4 Nxd4 19. Qxd4 a3 20. Bc1 Rac8 21. Be2 exd5 22. Bf4 dxc4 23. Bxc7 Rxd4 24. Be5 Rd2 25. Bf4 Rd7 26. Rac1 b5 27. Bd1 Bc5 28. Bg5 Rd5 29. h4 h6 30. Bf3 hxg5 31. Bxd5 Nxd5 32. Re5 Nf4 33. Re4 Nd3 34. Rc2 b3 0-1

[Event "Sao Paulo Schutt Cup 10th"]
[Site "Sao Paulo"]
[Date "2016.10.28"]
[Round "1"]
[White "Pimentel, Rafael Favarin G"]
[Black "Barros, Roberto Viana Do Re"]
[Result "1-0"]
[WhiteElo "1919"]
[BlackElo "1492"]
[PlyCount "45"]
[EventDate "2016.10.28"]
[EventType "swiss"]
[EventRounds "6"]
[EventCountry "BRA"]
[SourceTitle "CBM 175 Extra"]
[Source "ChessBase"]
[SourceDate "2016.12.12"]
[SourceVersion "1"]
[SourceVersionDate "2016.12.12"]
[SourceQuality "1"]

1. d4 Nf6 2. Nf3 g6 3. Bf4 Bg7 4. Nc3 a6 5. Qd2 h6 6. e4 d6 7. 0-0-0 Nh5 8. Be3 Nd7 9. Be2 Ndf6 10. h3 Bd7 11. g4 c6 12. gxh5 Nxh5 13. e5 d5 14. Rdg1 Bf5 15. Ne1 Bf8 16. Bg4 e6 17. Bxf5 exf5 18. e6 Qd6 19. exf7+ Kxf7 20. Nd3 Ke8 21. Nf4 Nxf4 22. Bxf4 Qf6 23. Be5 1-0

[Event "Sao Sebastiao do Paraiso op"]
[Site "Sao Sebastiao do Paraiso"]
[Date "2016.10.23"]
[Round "5"]
[White "Pimentel, Rafael Favarin G"]
[Black "Batista, Gerson Peres"]
[Result "1/2-1/2"]
[WhiteElo "1919"]
[BlackElo "2183"]
[PlyCount "40"]
[EventDate "2016.10.21"]
[EventType "swiss"]
[EventRounds "5"]
[EventCountry "BRA"]
[SourceTitle "CBM 175 Extra"]
[Source "ChessBase"]
[SourceDate "2016.12.12"]
[SourceVersion "1"]
[SourceVersionDate "2016.12.12"]
[SourceQuality "1"]

1. d4 Nf6 2. c4 g6 3. Nc3 Bg7 4. e4 d6 5. Nf3 0-0 6. Be2 e5 7. d5 Nh5 8. g3 Nd7 9. Be3 Ndf6 10. h3 Bd7 11. Qd2 Qc8 12. Ng1 c6 13. Rc1 c5 14. g4 Nf4 15. Bxf4 exf4 16. Qxf4 Ne8 17. Nf3 Qd8 18. Kf1 Qe7 19. Bd3 Kh8 20. Kg2 a6 1/2-1/2

[Event "BRA-ch Amateur U2000"]
[Site "Sao Paulo"]
[Date "2016.05.26"]
[Round "1"]
[White "Pimentel, Rafael Favarin G"]
[Black "De Borba, Gabriel"]
[Result "0-1"]
[WhiteElo "1963"]
[BlackElo "1864"]
[PlyCount "88"]
[EventDate "2016.05.26"]
[EventType "swiss"]
[EventRounds "7"]
[EventCountry "BRA"]
[SourceTitle "EXT 2019"]
[Source "ChessBase"]
[SourceDate "2018.10.10"]
[SourceVersion "1"]
[SourceVersionDate "2018.10.10"]
[SourceQuality "1"]

1. d4 Nf6 2. c4 c5 3. Nf3 cxd4 4. Nxd4 a6 5. Nc3 e6 6. a3 Qc7 7. e4 b6 8. Be3 Bb7 9. f3 Nc6 10. Na4 Rb8 11. Rc1 Be7 12. Be2 0-0 13. 0-0 Bd6 14. h3 Nh5 15. Bf2 Bh2+ 16. Kh1 Bf4 17. Rc2 Ng3+ 18. Kg1 Nxf1 19. Bxf1 Ba8 20. Ne2 Be5 21. b4 Ne7 22. c5 b5 23. Nb6 Bc6 24. Be3 Ng6 25. Qd2 Rfd8 26. Nd5 exd5 27. exd5 Ba8 28. f4 Bf6 29. g3 Re8 30. Bg2 Rbc8 31. Nd4 Bxd4 32. Bxd4 Qd8 33. Bb2 Qe7 34. f5 Nf8 35. Kf2 f6 36. Bc3 Qf7 37. Bf3 g6 38. g4 g5 39. h4 gxh4 40. g5 fxg5 41. Qxg5+ Ng6 42. fxg6 Qxg6 43. Qxg6+ hxg6 44. Bf6 Rf8 0-1

[Event "Sao Paulo Freitas op 2nd"]
[Site "Sao Paulo"]
[Date "2016.04.17"]
[Round "5"]
[White "Dias, Matheus Nunes"]
[Black "Pimentel, Rafael Favarin G"]
[Result "1/2-1/2"]
[WhiteElo "1722"]
[BlackElo "1963"]
[PlyCount "46"]
[EventDate "2016.04.15"]
[EventType "swiss"]
[EventRounds "6"]
[EventCountry "BRA"]
[SourceTitle "CBM 171 Extra"]
[Source "ChessBase"]
[SourceDate "2016.04.26"]
[SourceVersion "1"]
[SourceVersionDate "2016.04.26"]
[SourceQuality "1"]

1. e4 c6 2. d4 d5 3. exd5 cxd5 4. c4 Nf6 5. Nc3 e6 6. Nf3 Nc6 7. Bg5 Be7 8. Bd3 0-0 9. 0-0 dxc4 10. Bxc4 Qb6 11. Na4 Qa5 12. Nc3 Rd8 13. Be3 h6 14. a3 e5 15. b4 Bxb4 16. axb4 Qxb4 17. Qd3 e4 18. Bxf7+ Kxf7 19. Nxe4 Qe7 20. Nxf6 Qxf6 21. Qb3+ Qe6 22. Qb5 a6 23. Qb1 Qf5 1/2-1/2

[Event "Sao Paulo Freitas op 2nd"]
[Site "Sao Paulo"]
[Date "2016.04.16"]
[Round "3"]
[White "Mangini, Bruno Fernandes"]
[Black "Pimentel, Rafael Favarin G"]
[Result "1-0"]
[WhiteElo "1758"]
[BlackElo "1963"]
[PlyCount "91"]
[EventDate "2016.04.15"]
[EventType "swiss"]
[EventRounds "6"]
[EventCountry "BRA"]
[SourceTitle "CBM 171 Extra"]
[Source "ChessBase"]
[SourceDate "2016.04.26"]
[SourceVersion "1"]
[SourceVersionDate "2016.04.26"]
[SourceQuality "1"]

1. d4 Nf6 2. c4 d6 3. Nc3 g6 4. e4 Bg7 5. Nf3 0-0 6. g3 Nc6 7. Bg2 Na5 8. Qd3 c5 9. 0-0 Rb8 10. d5 b6 11. a4 Nh5 12. Be3 f5 13. exf5 Bxf5 14. Qe2 Qd7 15. Nh4 Bh3 16. f4 Bg4 17. Qd3 Nb3 18. Rae1 Nd4 19. Ne4 Nf5 20. Nxf5 Bxf5 21. b3 Nf6 22. Nxf6+ exf6 23. Be4 Bxe4 24. Qxe4 f5 25. Qd3 Rbe8 26. Bf2 Rf7 27. Rxe8+ Qxe8 28. Re1 Re7 29. Rxe7 Qxe7 30. Qe3 Qe4 31. Qxe4 fxe4 32. Be3 a5 33. g4 Bd4 34. Kf2 Kf7 35. h3 Kf6 36. Ke2 h6 37. Bf2 Ke7 38. Bh4+ Ke8 39. Be1 Ke7 40. Bd2 Kf6 41. f5 h5 42. fxg6 hxg4 43. hxg4 Kxg6 44. Bf4 Bf6 45. Bxd6 Bd8 46. Bf4 1-0

[Event "Sao Paulo Freitas op 2nd"]
[Site "Sao Paulo"]
[Date "2016.04.15"]
[Round "1"]
[White "Da Rocha, Eugenio Gabriel"]
[Black "Pimentel, Rafael Favarin G"]
[Result "0-1"]
[WhiteElo "1544"]
[BlackElo "1963"]
[PlyCount "110"]
[EventDate "2016.04.15"]
[EventType "swiss"]
[EventRounds "6"]
[EventCountry "BRA"]
[SourceTitle "CBM 171 Extra"]
[Source "ChessBase"]
[SourceDate "2016.04.26"]
[SourceVersion "1"]
[SourceVersionDate "2016.04.26"]
[SourceQuality "1"]

1. d4 d5 2. Nc3 Nf6 3. Bg5 Bf5 4. e3 Nbd7 5. Qf3 Bg6 6. Nxd5 Nxd5 7. Qxd5 c6 8. Qb3 Qa5+ 9. c3 Qxg5 10. Qxb7 Rb8 11. Qxc6 e6 12. Ba6 Qd5 13. Qxd5 exd5 14. b3 Ba3 15. Ne2 0-0 16. Kd2 Nf6 17. Ng3 Bb2 18. Rad1 Rb6 19. Bd3 Rc8 20. Ne2 Bxd3 21. Kxd3 Ne4 22. Rhf1 Nxc3 23. Rd2 Nxe2 24. Rxb2 Nc1+ 25. Kd2 Rbc6 26. b4 a6 27. a4 Rc3 28. Rd1 Nd3 29. Ra2 Nxb4 30. Rb2 a5 31. Rdb1 Kf8 32. Ke2 Ke7 33. Rxb4 axb4 34. Rxb4 Kd6 35. Kf3 R8c4 36. Rb6+ Kc7 37. a5 Rxd4 38. Rb5 Ra4 39. Rxd5 Rca3 40. Rc5+ Kd6 41. Rc8 Rxa5 42. Rg8 Rf5+ 43. Ke4 g6 44. f4 h5 45. Rd8+ Ke7 46. Rd2 Ra4+ 47. Kf3 g5 48. g4 Rf6 49. Rb2 hxg4+ 50. Kxg4 gxf4 51. Rb7+ Kf8 52. h4 f3+ 53. Kg5 Kg7 54. Re7 Rg6+ 55. Kf5 Rxh4 0-1

[Event "BRA-ch Amateur"]
[Site "Sao Paulo"]
[Date "2015.04.03"]
[Round "6"]
[White "Pimentel, Rafael Favarin G"]
[Black "Togni, Everton Batista"]
[Result "1-0"]
[WhiteElo "1992"]
[BlackElo "1846"]
[PlyCount "99"]
[EventDate "2015.04.30"]
[EventType "swiss"]
[EventRounds "7"]
[EventCountry "BRA"]
[SourceTitle "EXT 2022"]
[Source "ChessBase"]
[SourceDate "2021.10.06"]
[SourceVersion "1"]
[SourceVersionDate "2021.10.06"]
[SourceQuality "1"]

1. d4 Nf6 2. Bf4 e6 3. e3 b6 4. h3 Bb7 5. Nf3 Be7 6. Bd3 Nc6 7. c3 0-0 8. Nbd2 h6 9. 0-0 Bd6 10. Ne5 Be7 11. Ne4 d6 12. Nxf6+ Bxf6 13. Nxc6 Bxc6 14. Qg4 Bg5 15. h4 f5 16. Bxg5 hxg5 17. Qxg5 Qe8 18. f3 Rf6 19. Kf2 Rg6 20. Qf4 Qe7 21. Rh1 Bd7 22. h5 Rh6 23. Qh4 Qf7 24. a4 a5 25. Bb5 c6 26. Bc4 d5 27. Be2 b5 28. axb5 a4 29. b6 Be8 30. Qf4 Qe7 31. Qc7 Qxc7 32. bxc7 Rc8 33. Rxa4 Rxc7 34. Ra8 Kf8 35. g4 g6 36. g5 Rxh5 37. Rxh5 gxh5 38. f4 Ke7 39. Kg3 c5 40. Kh4 cxd4 41. exd4 Rb7 42. Ra2 Kf8 43. c4 Rb4 44. Bxh5 Bc6 45. g6 Rb3 46. Ra7 Bb7 47. cxd5 exd5 48. Kg5 Kg7 49. Bf3 Kg8 50. Rxb7 1-0

[Event "BRA-ch Amateur"]
[Site "Sao Paulo"]
[Date "2015.04.01"]
[Round "2"]
[White "Pimentel, Rafael Favarin G"]
[Black "Yoshioka, Hugo"]
[Result "1-0"]
[WhiteElo "1992"]
[BlackElo "1578"]
[PlyCount "71"]
[EventDate "2015.04.30"]
[EventType "swiss"]
[EventRounds "7"]
[EventCountry "BRA"]
[SourceTitle "EXT 2022"]
[Source "ChessBase"]
[SourceDate "2021.10.06"]
[SourceVersion "1"]
[SourceVersionDate "2021.10.06"]
[SourceQuality "1"]

1. d4 d5 2. Bf4 Bf5 3. e3 e6 4. Nf3 Nf6 5. Nbd2 Be7 6. c4 c6 7. Qb3 Qc8 8. Be2 0-0 9. h3 Nbd7 10. 0-0 h6 11. c5 Ne4 12. Nxe4 Bxe4 13. Qc3 a6 14. b4 g5 15. Bh2 Bg6 16. a4 Re8 17. b5 axb5 18. axb5 Bf6 19. Rxa8 Qxa8 20. Nd2 e5 21. Bg4 exd4 22. exd4 Nf8 23. Ra1 Qd8 24. b6 Ne6 25. Nb3 h5 26. Bxe6 Rxe6 27. Ra7 Re7 28. Bd6 Rd7 29. Bc7 Qe7 30. Rxb7 Qe6 31. Rb8+ Kh7 32. Rc8 Rxc7 33. Rxc7 Bd8 34. Qe3 Qf6 35. Rd7 Bf5 36. Rd6 1-0

[Event "Pocos de Caldas op"]
[Site "Pocos de Caldas"]
[Date "2015.03.15"]
[Round "5"]
[White "Silva, Sergio"]
[Black "Pimentel, Rafael Favarin G"]
[Result "1-0"]
[WhiteElo "2093"]
[BlackElo "2007"]
[PlyCount "193"]
[EventDate "2015.03.13"]
[EventType "swiss"]
[EventRounds "6"]
[EventCountry "BRA"]
[SourceTitle "CBM 165 Extra"]
[Source "ChessBase"]
[SourceDate "2015.04.21"]
[SourceVersion "1"]
[SourceVersionDate "2015.04.21"]
[SourceQuality "1"]

1. d4 Nf6 2. c4 g6 3. Nc3 Bg7 4. e4 d6 5. Nf3 0-0 6. Be2 e5 7. d5 a5 8. Bg5 h6 9. Bh4 Na6 10. Nd2 Nc5 11. 0-0 g5 12. Bg3 Nh7 13. Bg4 f5 14. exf5 Bxf5 15. Bxf5 Rxf5 16. Nde4 Nxe4 17. Nxe4 b6 18. Qc2 Qd7 19. b3 Raf8 20. f3 Nf6 21. Qe2 Nxe4 22. fxe4 Rxf1+ 23. Rxf1 Rxf1+ 24. Kxf1 Qf7+ 25. Qf2 h5 26. Qxf7+ Kxf7 27. Bf2 Bf6 28. a3 Ke7 29. b4 axb4 30. axb4 Kd7 31. Ke2 c5 32. Kd3 Kc7 33. Kc3 Kb7 34. Be1 Bd8 35. Kb3 Ka6 36. Bd2 Kb7 37. Ka4 Ka6 38. Be3 Be7 39. Bd2 Bd8 40. Kb3 Kb7 41. Kc3 Kc7 42. Kc2 Kc8 43. Kb3 Kb7 44. Ka4 Ka6 45. h4 g4 46. Bg5 Bc7 47. Be7 Ka7 48. Kb5 Kb7 49. Bf6 g3 50. Bg5 cxb4 51. Kxb4 Ka6 52. Bf6 Ka7 53. Kb5 Kb7 54. Bg5 Bb8 55. Bd8 Ba7 56. Bf6 Bb8 57. Be7 Bc7 58. Bg5 Bb8 59. Bd2 Bc7 60. Be1 Bd8 61. Bxg3 Bf6 62. Be1 Bd8 63. g3 Bf6 64. Bd2 Bd8 65. Bc1 Bc7 66. Bd2 Bd8 67. Be3 Bc7 68. g4 hxg4 69. h5 Bd8 70. h6 g3 71. h7 Bf6 72. Bxb6 g2 73. Bg1 Kc7 74. c5 dxc5 75. Kxc5 Kd7 76. Kc4 Ke7 77. Kc5 Kd7 78. Kc4 Ke7 79. Bc5+ Kf7 80. Kb5 Kg7 81. Kc6 Kxh7 82. Kd6 Kg7 83. Ke6 Kg6 84. d6 Bh4 85. Kxe5 Kf7 86. Bg1 Bd8 87. Kd5 Kf6 88. e5+ Kf7 89. Bd4 Ba5 90. e6+ Ke8 91. d7+ Ke7 92. Bc5+ Kf6 93. e7 g1Q 94. e8N+ Kf7 95. Bxg1 Bd8 96. Kc6 Ke6 97. Bd4 1-0